Propuesta para discusión / (Registro nro. 5646)
[ vista simple ]
| 000 -LEADER | |
|---|---|
| fixed length control field | 01471nam a2200289Ia 4500 |
| 003 - CONTROL NUMBER IDENTIFIER | |
| control field | OSt |
| 005 - DATE AND TIME OF LATEST TRANSACTION | |
| control field | 20200516003206.0 |
| 008 - FIXED-LENGTH DATA ELEMENTS--GENERAL INFORMATION | |
| fixed length control field | 191128s2005 ck fr 000 0 spa d |
| 020 ## - INTERNATIONAL STANDARD BOOK NUMBER | |
| International Standard Book Number | 9584213040 |
| 040 ## - CATALOGING SOURCE | |
| Original cataloging agency | CO-JMCR |
| Transcribing agency | CO-JMCR |
| 041 0# - LANGUAGE CODE | |
| Language code of text/sound track or separate title | spa |
| 082 04 - DEWEY DECIMAL CLASSIFICATION NUMBER | |
| Classification number | 330 / |
| Item number | D419p |
| Edition number | 23 |
| 110 1# - MAIN ENTRY--CORPORATE NAME | |
| Corporate name or jurisdiction name as entry element | Colombia. |
| Subordinate unit | Departamento Nacional de Planeación |
| 9 (RLIN) | 4087 |
| 245 10 - TITLE STATEMENT | |
| Title | Propuesta para discusión / |
| Statement of responsibility, etc. | Departamento Nacional de Planeación ; edición Verónica Londoño |
| 250 ## - EDITION STATEMENT | |
| Edition statement | Primera edición |
| 260 ## - PUBLICATION, DISTRIBUTION, ETC. | |
| Place of publication, distribution, etc. | Bogotá : |
| Name of publisher, distributor, etc. | Departamento Nacional de Planeación, |
| Date of publication, distribution, etc. | 2005 |
| 300 ## - PHYSICAL DESCRIPTION | |
| Extent | 384 páginas ; |
| Dimensions | 27 cm. |
| 490 0# - SERIES STATEMENT | |
| Series statement | Visión Colombia II Centenario 2019 |
| 504 ## - BIBLIOGRAPHY, ETC. NOTE | |
| Bibliography, etc. note | Bibliografía páginas 373-384 |
| 505 0# - FORMATTED CONTENTS NOTE | |
| Formatted contents note | De dónde venimos y dónde estamos -- Tres condiciones determinantes -- Una economía que garantice mayor nivel de bienestar -- Una sociedad más igualitaria y solidaria -- Sociedad de ciudadanos libres y responsables -- Un estado eficiente al servicio |
| 520 ## - SUMMARY, ETC. | |
| Summary, etc. | El 7 de agosto de 2019 Colombia celebrará dos siglos de vida política independiente. Esta es una fecha histórica y simbólicamente muy importante, que invita a una reflexión profunda sobre nuestro pasado y nuestro presente. |
| 650 14 - SUBJECT ADDED ENTRY--TOPICAL TERM | |
| Topical term or geographic name entry element | Prospectiva de desarrollo |
| 9 (RLIN) | 4466 |
| 650 14 - SUBJECT ADDED ENTRY--TOPICAL TERM | |
| Topical term or geographic name entry element | Prospectiva económica |
| General subdivision | historia económica |
| 9 (RLIN) | 4467 |
| 650 14 - SUBJECT ADDED ENTRY--TOPICAL TERM | |
| Topical term or geographic name entry element | Condiciones sociales |
| General subdivision | estrategia del desarrollo |
| 9 (RLIN) | 4468 |
| 700 1# - ADDED ENTRY--PERSONAL NAME | |
| Personal name | Londoño, Veronica, |
| Relator term | editora |
| 9 (RLIN) | 4469 |
| 942 ## - ADDED ENTRY ELEMENTS (KOHA) | |
| Source of classification or shelving scheme | Dewey Decimal Classification |
| Koha item type | Books |
| Withdrawn status | Lost status | Source of classification or shelving scheme | Damaged status | Not for loan | Collection code | Home library | Current library | Date acquired | Source of acquisition | Cost, normal purchase price | Total Checkouts | Full call number | Barcode | Date last seen | Copy number | Koha item type |
|---|---|---|---|---|---|---|---|---|---|---|---|---|---|---|---|---|
| Dewey Decimal Classification | Non-fiction | Biblioteca Pública José María del Castillo y Rada | Biblioteca Pública José María del Castillo y Rada | 04/15/2018 | Donación | 0.00 | 330 / D419p | 430002731 | 05/16/2024 | Ej.1 | Books |